| 000 | 00967nmm a2200289 a 4500 | ||
|---|---|---|---|
| 001 | ocm000891554 | ||
| 003 | TR-IsHL | ||
| 005 | 20201028144839.0 | ||
| 008 | 141121s1989 tu tur | ||
| 007 | cr cn | ||
| 020 | _a9789757814924 | ||
| 035 |
_a891554 _b(N$T) |
||
| 050 | 0 | 4 |
_aBD595 _b.G86 1989 |
| 090 | 0 | 4 |
_aBD595 _b.G86 1989 |
| 245 | 1 | 0 |
_aGünümüzde bilimsel görüntüleriyle rastlantı _h[electronic resource] / _cH. Barreua...[ ve öte.] ; söyleşi Emile Noel ; çev. Ülkü Erdoğdu |
| 260 |
_aİstanbul : _bPencere Yayınları, _c1989 |
||
| 300 | _a185 p. | ||
| 650 | 4 | _aFelsefe, Psikoloji ve Din | |
| 650 | 4 | _aPhilosophy, Psychology and Religion | |
| 650 | 0 | _aRastlantı | |
| 650 | 0 | _aCoincidence | |
| 650 | 7 |
_aPHILOSOPHY / Metaphysics _2bisacsh |
|
| 700 | 1 | _aBarreua, H. | |
| 700 | 1 | _aNoel, Emile | |
| 700 | 1 | _aErdoğdu, Ülkü | |
| 856 | 4 | 0 | _uhttp://search.ebscohost.com/login.aspx?direct=true&scope=site&db=e011xww&AN=891554 |
| 999 |
_c9646 _d9646 |
||